Das Problem der mathematischen Wahrscheinlichkeit

Gespeichert in:
Bibliographische Detailangaben
Format: Buch
Sprache:Deutsch
Veröffentlicht: München E. Reinhardt 1930
Tags: Tag hinzufügen
Keine Tags, Fügen Sie das erste Tag hinzu!

MARC

LEADER 00000nam a2200000 4500
001 0307513
005 20250306133239.3
041 0 |a ger 
044 |a DE 
245 1 0 |a Das Problem der mathematischen Wahrscheinlichkeit  |c Béla von Juhos 
264 1 |a München  |b E. Reinhardt  |c 1930